Prierez dôchodkovými systémami vo vybraných krajinách

Problematika dôchodkového zabezpečenia v krajinách susediacich so Slovenskom a v krajinách fungujúcich na odlišných spôsoboch financovania dôchodkov. Dôchodkový systém v Českej republike. Dôchodkový systém v Poľskej republike. Dôchodkový systém v Maďarsku a v Rakúsku. Dôchodkový systém vo Veľkej Bri...

Full description

Saved in:
Bibliographic Details
Main Author: Vidová, Jarmila, 1967-
Format: Book Chapter
Language:Slovak
Subjects:
Tags: Add Tag
No Tags, Be the first to tag this record!

MARC

LEADER 00000naa$a2200000$$$4500
001 0049832
005 20240502071556.6
041 0 |a slo 
044 |a SK 
245 1 0 |a Prierez dôchodkovými systémami vo vybraných krajinách  |c Jarmila Vidová 
520 |a Problematika dôchodkového zabezpečenia v krajinách susediacich so Slovenskom a v krajinách fungujúcich na odlišných spôsoboch financovania dôchodkov. Dôchodkový systém v Českej republike. Dôchodkový systém v Poľskej republike. Dôchodkový systém v Maďarsku a v Rakúsku. Dôchodkový systém vo Veľkej Británii a v USA. 
610 2 0 |a zabezpečenie dôchodkové 
610 2 0 |a systémy dôchodkové 
610 2 0 |a fondy penzijné 
610 2 0 |a odvody 
610 2 0 |a reformy dôchodkové 
610 2 0 |a sporenie dôchodkové 
100 1 |a Vidová, Jarmila, 1967-